00591nam a22001577a 4500003000900000005001700009008004100026040001300067100002200080245004100102250000600143260002100149300002000170490001800190520022500208IT-RoPau20220918175940.0130204b xxu||||| |||| 00| 0 eng d cIT-RoPau aChiesa, Francesco a"Pensarci su"bOpuscoli per giovani. aI aAlbabPSSPc1939 a136 p.c17,5 cm aFormarsiv1° aIndice prefazione 1. - desolazione 2. - riflessione 3. - il perchè della riflessione 4. - effetti della riflessione 5. - vantaggi della riflessione 6. - materia o oggetto della riflessione 7. - mezzi per riflettere